| 000 | 00668nam a2200217 i 4500 | ||
|---|---|---|---|
| 001 | 8114 | ||
| 003 | ES-MaACL | ||
| 005 | 20230906145400.0 | ||
| 007 | t| | ||
| 008 | 920220s1970 sp |||| | spa d | ||
| 020 | _a84-300-1336-9 | ||
| 080 | _a94(460.251 Montánchez) | ||
| 100 | 1 |
_aLozano Rubio, Tirso. _974465 |
|
| 245 | 1 | 0 |
_aHistoria de la noble y leal villa de Montánchez / _cTirso Lozano Rubio. |
| 250 | _a2ª ed. | ||
| 260 |
_a[Montánchez : _bJunta Directiva de la Cofradía Virgen del Castillo], _c1970. |
||
| 300 |
_a331 p., [8] p. de lám. ; _c19 cm. |
||
| 650 | 4 |
_aMontánchez- _xHistoria. _9195621 |
|
| 852 |
_aES-MaACL _jL-15564 |
||
| 999 |
_c8114 _d8114 |
||